2023 Albums by Cover - Statistics

General Stats
  • This quiz has been taken 425 times
  • The average score is 6 of 15
Answer Stats
Picture Answer % Correct
Barbie the Album – various
93%
GUTS – Olivia Rodrigo
83%
Did You Know That There's A Tunnel Under Ocean Blvd. – Lana Del Rey
73%
Endless Summer Vacation – Miley Cyrus
64%
For All The Dogs – Drake
61%
UTOPIA – Travis Scott
55%
This is Why – Paramore
46%
the record – boygenius
30%
One Thing At A Time – Morgan Wallen
27%
Bewitched – Laufey
26%
Zach Bryan – Zach Bryan
22%
10,000 gecs – 100 gecs
20%
Desire, I Want To Turn Into You – Caroline Polachek
20%
Lahai – Sampha
11%
This Stupid World – Yo La Tengo
2%
No matching quizzes found
Score Distribution
Percent of People with Each Score
Percentile by Number Answered
Your Score History
You have not taken this quiz